Statistics for Zodiac Signs in 1 Minute

Click here to take the quiz!

General Stats

  • This quiz has been taken 89 times
    (75 since last reset)
  • The average score is 11 of 12

Answer Stats

Answer% Correct
Cancer
97%
Aries
93%
Leo
93%
Scorpio
93%
Gemini
91%
Libra
90%
Sagittarius
90%
Pisces
86%
Capricorn
84%
Aquarius
83%
Taurus
81%
Virgo
81%

Score Distribution

Percentile by Number Answered

Percent of People with Each Score

Your Score History

You have not taken this quiz since the last reset